[Event "London Mindsports Blitz"]
[Site "London"]
[Date "2022.09.11"]
[Round "6.7"]
[White "Stoyanov, Viktor"]
[Black "Bougeard, Max"]
[Result "1-0"]
[WhiteElo "2216"]
[BlackElo "1621"]
[PlyCount "73"]
[EventDate "2022.09.11"]
[EventType "swiss (blitz)"]
[EventRounds "9"]
[EventCountry "ENG"]
[SourceTitle "CBM 210 Extra"]
[Source "ChessBase"]
[SourceDate "2022.11.30"]
[SourceVersion "1"]
[SourceVersionDate "2022.11.30"]
[SourceQuality "1"]

1. e4 d5 2. exd5 Nf6 3. Nf3 c6 4. dxc6 Nxc6 5. d4 e5 6. dxe5 Qxd1+ 7. Kxd1 Ng4 8. Be3 Nxe3+ 9. fxe3 Bc5 10. Bb5 0-0 11. Ke2 Re8 12. Nc3 Bg4 13. Rad1 Re6 14. Bxc6 Rxc6 15. h3 Be6 16. Nd4 Bc4+ 17. Kf2 Rg6 18. b3 Ba6 19. Ne4 Ba3 20. h4 h5 21. c4 Rg4 22. Kf3 b6 23. Nf2 Bb7+ 24. e4 Rg6 25. Nf5 Kh7 26. Rd7 Rb8 27. Rhd1 Bc5 28. Nd3 Ba3 29. Rxf7 Re8 30. Nf4 Bc8 31. Nxg6 Bxf5 32. exf5 b5 33. Rdd7 Rg8 34. cxb5 Bc5 35. Nf4 Bb6 36. Nxh5 Kh6 37. g4 1-0